| 000 | 00708cam a2200277 4500 | ||
|---|---|---|---|
| 001 | ABS68426 | ||
| 008 | 041124n2004 000 0 eng u | ||
| 035 | _a(Sirsi) u128115 | ||
| 245 | _aFocus 2: industrial and distribution | ||
| 260 | _c2004 | ||
| 490 |
_aEstates Gazette _v(0446) 13 November 2004, 83-121(13) |
||
| 590 | _aABS | ||
| 590 | _aABS | ||
| 650 | _aDISTRIBUTION MARKET | ||
| 650 | _aDEVELOPERS | ||
| 650 | _aLOGISTICS | ||
| 650 | _aSPECULATIVE DEVELOPMENT | ||
| 650 | _aUNITED KINGDOM | ||
| 650 | _aIRELAND | ||
| 650 | _aEUROPE | ||
| 650 | _aINVESTMENT | ||
| 650 | _aINDUSTRIAL SPACE | ||
| 650 | _aINDUSTRIAL MARKET | ||
| 690 | _aCOMMERCIAL PROPERTY-MARKET | ||
| 942 | _n0 | ||
| 999 |
_c118366 _d118366 |
||